[Event "PRO League Group Stage"]
[Site "chess.com INT"]
[Date "2019.02.19"]
[Round "7"]
[White "Sevian, Samuel"]
[Black "Vachier-Lagrave, Maxime"]
[Result "1/2-1/2"]
[WhiteTitle "GM"]
[BlackTitle "GM"]
[WhiteElo "2647"]
[BlackElo "2780"]
[WhiteTeam "Montclair Sopranos"]
[BlackTeam "Marseille Migraines"]
[WhiteFideId "2040506"]
[BlackFideId "623539"]
[EventDate "2019.01.08"]

1. Nf3 c5 2. c4 Nc6 3. Nc3 e5 4. e3 Nf6 5. d4 e4 6. d5 exf3 7. dxc6 fxg2 8.
cxd7+ Bxd7 9. Bxg2 g6 10. O-O Bg7 11. Qd6 Qe7 12. Qxe7+ Kxe7 13. Bxb7 Rab8 14.
Bg2 Bf5 15. b3 Rhd8 16. Ba3 Nd7 17. Rac1 Rbc8 18. Rfd1 Ne5 19. Rxd8 Kxd8 20.
Rd1+ Ke8 21. Nb5 Bf8 22. Nxa7 Rd8 23. Rxd8+ Kxd8 24. Bb2 Nd3 25. Bf6+ Kd7 26.
Nb5 Nc1 27. Nc3 Ke6 28. Bh4 Bg7 29. Na4 Bf8 30. Bd5+ Kd7 31. Bxf7 Nxa2 32. Bf6
Nc1 33. Nb6+ Kc6 34. Nd5 Nxb3 35. Ne7+ Bxe7 36. Bxe7 Kd7 37. Bf6 Nd2 38. Bc3 Ne4
39. Be1 Be6 40. Bxe6+ Kxe6 41. f3 Nd6 42. Kf2 Nxc4 43. Ke2 g5 44. h4 gxh4 45.
Bxh4 h5 46. e4 Nd6 47. Ke3 c4 48. f4 c3 49. Kd3 c2 1/2-1/2

[Event "PRO League Group Stage"]
[Site "chess.com INT"]
[Date "2019.02.19"]
[Round "7"]
[White "Fressinet, Laurent"]
[Black "Lenderman, Aleksandr"]
[Result "1/2-1/2"]
[WhiteTitle "GM"]
[BlackTitle "GM"]
[WhiteElo "2655"]
[BlackElo "2637"]
[WhiteTeam "Marseille Migraines"]
[BlackTeam "Montclair Sopranos"]
[WhiteFideId "608742"]
[BlackFideId "2021285"]
[EventDate "2019.01.08"]

1. e4 e6 2. d4 d5 3. exd5 exd5 4. Nf3 Bg4 5. h3 Bh5 6. Qe2+ Qe7 7. Be3 Bxf3 8.
Qxf3 Qb4+ 9. Nd2 Nf6 10. O-O-O Be7 11. g4 c6 12. g5 Nfd7 13. h4 Na6 14. h5 Rf8
15. Bxa6 bxa6 16. Nb3 O-O-O 17. Qf5 g6 18. Qd3 Qb5 19. hxg6 hxg6 20. Bf4 Nb6 21.
Rde1 Rd7 22. Rxe7 Rxe7 23. Bd6 Qxd3 24. cxd3 Rfe8 25. Bxe7 Rxe7 26. Kd2 Nd7 27.
f4 Kc7 28. Rh8 Kb6 29. Rh7 Nf8 30. Rh2 Ne6 31. Rf2 a5 32. a4 Re8 33. Kc3 Ng7 34.
Nc5 Nf5 35. Rh2 Kc7 36. Rh7 Re7 37. Rh8 Ng3 38. Ra8 Kd6 39. Rd8+ Kc7 40. Ra8 Kd6
41. Rd8+ 1/2-1/2

[Event "PRO League Group Stage"]
[Site "chess.com INT"]
[Date "2019.02.19"]
[Round "7"]
[White "Sturt, Raven"]
[Black "Sebag, Marie"]
[Result "0-1"]
[WhiteTitle "IM"]
[BlackTitle "GM"]
[WhiteElo "2429"]
[BlackElo "2476"]
[WhiteTeam "Montclair Sopranos"]
[BlackTeam "Marseille Migraines"]
[WhiteFideId "2007304"]
[BlackFideId "617822"]
[EventDate "2019.01.08"]

1. d4 d5 2. Nf3 Nf6 3. Bf4 c5 4. e3 e6 5. Nbd2 Nc6 6. c3 Bd6 7. Bg3 O-O 8. Bd3
b6 9. Qe2 Bb7 10. Rd1 Qe7 11. Ne5 Bxe5 12. dxe5 Nd7 13. f4 f6 14. Nf3 a5 15. O-O
f5 16. Bh4 Qe8 17. g4 fxg4 18. Ng5 h6 19. Nh7 Rf5 20. Qxg4 Kxh7 21. Bxf5+ exf5
22. Qxf5+ Kh8 23. Rf2 Nf8 24. Rg2 Bc8 25. Qf6 Ne6 26. Rxg7 Nxg7 27. Qxh6+ Kg8
28. Bf6 Ra7 29. Kf2 Qh5 30. Bxg7 Qxh6 31. Bxh6 Rh7 32. Bg5 Rxh2+ 33. Kf3 Be6 34.
e4 dxe4+ 35. Kxe4 Re2+ 36. Kf3 Rxb2 37. Rd6 Kf7 38. Ke4 Ne7 39. Bxe7 Kxe7 40. f5
Re2+ 41. Kd3 Rxe5 42. Rxe6+ Rxe6 43. fxe6 b5 44. a3 Kxe6 45. Ke2 Kd5 46. Kd3 a4
47. Kd2 Ke4 48. c4 b4 49. axb4 cxb4 50. Kc2 Kd4 51. Kb2 Kxc4 52. Ka2 Kc3 0-1

[Event "PRO League Group Stage"]
[Site "chess.com INT"]
[Date "2019.02.19"]
[Round "7"]
[White "Regoli, Stephane"]
[Black "Foisor, Sabina-Francesca"]
[Result "1-0"]
[BlackTitle "WGM"]
[WhiteElo "2256"]
[BlackElo "2276"]
[WhiteTeam "Marseille Migraines"]
[BlackTeam "Montclair Sopranos"]
[WhiteFideId "615110"]
[BlackFideId "1212915"]
[EventDate "2019.01.08"]

1. e4 c6 2. d4 d5 3. e5 Bf5 4. h4 h6 5. g4 Be4 6. f3 Bg6 7. h5 Bh7 8. e6 Qd6 9.
exf7+ Kxf7 10. Ne2 e5 11. dxe5 Qxe5 12. Nc3 Bb4 13. Bf4 Bxc3+ 14. bxc3 Qe7 15.
Kf2 Nf6 16. Nd4 Nbd7 17. Bd3 Bxd3 18. Qxd3 Rhe8 19. Qg6+ Kf8 20. Nf5 Qf7 21.
Bd6+ Re7 22. Bxe7+ 1-0

[Event "PRO League Group Stage"]
[Site "chess.com INT"]
[Date "2019.02.20"]
[Round "7"]
[White "Robson, Ray"]
[Black "Petrosian, Tigran L."]
[Result "1-0"]
[WhiteTitle "GM"]
[BlackTitle "GM"]
[WhiteElo "2667"]
[BlackElo "2598"]
[WhiteTeam "Webster Windmills"]
[BlackTeam "Seattle Sluggers"]
[WhiteFideId "2023970"]
[BlackFideId "13301616"]
[EventDate "2019.01.08"]

1. e4 g6 2. d4 Bg7 3. Nc3 d6 4. f4 Nf6 5. Bd3 O-O 6. Nf3 Na6 7. O-O c5 8. d5 Rb8
9. a4 Nb4 10. Bc4 Bg4 11. h3 Bxf3 12. Rxf3 Nd7 13. Be3 Qa5 14. Kh1 Na6 15. Bd2
Qd8 16. Qe2 Nb4 17. Be1 Nb6 18. Bb3 c4 19. Ba2 Nxa2 20. Rxa2 Rc8 21. Nd1 e6 22.
dxe6 fxe6 23. a5 Nd7 24. Bc3 e5 25. Bd2 exf4 26. Bxf4 Be5 27. Bxe5 Nxe5 28.
Rxf8+ Qxf8 29. Nc3 Qf4 30. Ra1 Rf8 31. Kg1 Kg7 32. Nd5 Qf7 33. Rd1 a6 34. Ne3
Qe6 35. Rd4 Rc8 36. Qd2 Rc6 37. Qb4 Qe7 38. Nxc4 Nf7 39. Ne3 Rc5 40. Qd2 Qe5 41.
Ng4 Qe6 42. b4 Rc4 43. Rxc4 Qxc4 44. Nf2 h5 45. c3 Qb3 46. Qd4+ Kg8 47. Qf6 Kh7
48. Kh2 Qc4 49. Qe7 Kg7 50. Qxb7 Qxc3 51. Qxa6 Qxb4 52. Qb6 Qa3 53. a6 h4 54. a7
Ne5 55. Qb7+ Kh6 56. a8=Q Qg3+ 57. Kh1 Qxf2 58. Qh8+ Kg5 59. Qe7+ Kf4 60. Qhxh4+ 1-0

[Event "PRO League Group Stage"]
[Site "chess.com INT"]
[Date "2019.02.20"]
[Round "7"]
[White "Margvelashvili, Giorgi"]
[Black "Boros, Denes"]
[Result "1/2-1/2"]
[WhiteTitle "GM"]
[BlackTitle "GM"]
[WhiteElo "2530"]
[BlackElo "2442"]
[WhiteTeam "Seattle Sluggers"]
[BlackTeam "Webster Windmills"]
[WhiteFideId "13602926"]
[BlackFideId "722340"]
[EventDate "2019.01.08"]

1. Nf3 e6 2. b3 d5 3. Bb2 Nf6 4. g3 g6 5. Bg2 Bg7 6. c4 O-O 7. O-O c6 8. d4 Nbd7
9. Nc3 b6 10. Rc1 Ba6 11. cxd5 cxd5 12. b4 b5 13. a4 Rb8 14. Ra1 Qc7 15. Qd3 Qc4
16. Qxc4 bxc4 17. b5 Rfc8 18. Ba3 Bb7 19. Bd6 Ra8 20. a5 a6 21. b6 Ne8 22. Ba3
Bf8 23. Nd2 Bxa3 24. Rxa3 f5 25. e3 Nd6 26. Rb1 g5 27. f4 g4 28. Kf2 Kg7 29. Ra2
Rf8 30. Rab2 Rac8 31. Rc1 h6 32. Ndb1 Bc6 33. Na3 Nb7 34. Nc2 Nxa5 35. Ra1 Nb3
36. Rxa6 Rb8 37. Nb4 Bb7 38. Ra7 Rf7 39. Na4 Nf6 40. Nc5 Bc8 41. Nxb3 cxb3 42.
Rxf7+ Kxf7 43. Rxb3 Rxb6 44. Rb2 Bd7 45. Nd3 Rxb2+ 46. Nxb2 Bb5 47. Nd1 1/2-1/2

[Event "PRO League Group Stage"]
[Site "chess.com INT"]
[Date "2019.02.20"]
[Round "7"]
[White "Polgar-Shutzman, Tom"]
[Black "Bashkansky, Naomi"]
[Result "1-0"]
[BlackTitle "WIM"]
[WhiteElo "2181"]
[BlackElo "1994"]
[WhiteTeam "Webster Windmills"]
[BlackTeam "Seattle Sluggers"]
[WhiteFideId "2064880"]
[BlackFideId "2072289"]
[EventDate "2019.01.08"]

1. e4 e5 2. Nf3 Nc6 3. Nc3 Nf6 4. d4 exd4 5. Nxd4 Bb4 6. Nxc6 bxc6 7. Bd3 d5 8.
exd5 cxd5 9. O-O O-O 10. h3 h6 11. Qf3 Bb7 12. Bf4 Bd6 13. Rad1 Rb8 14. b3 Re8
15. Bxd6 Qxd6 16. Rfe1 1-0

[Event "PRO League Group Stage"]
[Site "chess.com INT"]
[Date "2019.02.20"]
[Round "7"]
[White "Adhiban, Baskaran"]
[Black "Ding, Liren"]
[Result "1/2-1/2"]
[WhiteTitle "GM"]
[BlackTitle "GM"]
[WhiteElo "2689"]
[BlackElo "2813"]
[WhiteTeam "Mumbai Movers"]
[BlackTeam "Chengdu Pandas"]
[WhiteFideId "5018471"]
[BlackFideId "8603677"]
[EventDate "2019.01.08"]

1. d4 Nf6 2. c4 g6 3. g3 c6 4. Bg2 d5 5. Nf3 Bg7 6. O-O dxc4 7. a4 Ne4 8. Qc2
Nd6 9. e4 Na6 10. Bd2 O-O 11. Na3 Bg4 12. Ne5 Be6 13. Bc3 Qb6 14. Qe2 Rfd8 15.
d5 cxd5 16. exd5 Bf5 17. Naxc4 Qc7 18. Rac1 Nc5 19. Ne3 Nxa4 20. Nxf5 Nxf5 21.
Nxf7 Nxc3 22. Qe6 Kf8 23. Ng5 Ke8 24. bxc3 Qd6 25. Qf7+ Kd7 26. Bh3 Qf6 27. Qe6+
Qxe6 28. Nxe6 Rg8 29. Rfe1 b6 30. c4 Bb2 31. Rb1 Ba3 32. Nd4 Rgf8 33. Kg2 Bd6
34. Rb3 Rf6 35. Ra1 Be5 36. Rd1 Bxd4 37. Rxd4 Kd8 38. Re4 Nd6 39. Rd4 Nf5 40.
Re4 Nd6 41. Rd4 Nf5 1/2-1/2

[Event "PRO League Group Stage"]
[Site "chess.com INT"]
[Date "2019.02.20"]
[Round "7"]
[White "Wang, Yue"]
[Black "Ghosh, Diptayan"]
[Result "1-0"]
[WhiteTitle "GM"]
[BlackTitle "GM"]
[WhiteElo "2684"]
[BlackElo "2544"]
[WhiteTeam "Chengdu Pandas"]
[BlackTeam "Mumbai Movers"]
[WhiteFideId "8601429"]
[BlackFideId "5045207"]
[EventDate "2019.01.08"]

1. Nf3 Nf6 2. c4 e6 3. g3 d5 4. Bg2 dxc4 5. Qa4+ Nbd7 6. Qxc4 c5 7. Qb3 Rb8 8.
d3 Bd6 9. a4 b6 10. Na3 a6 11. Nc4 Bc7 12. O-O O-O 13. Ng5 h6 14. Ne4 Nxe4 15.
Bxe4 Nf6 16. Bg2 Bb7 17. Bxb7 Rxb7 18. Na5 Qa8 19. Nxb7 Qxb7 20. Be3 Bd6 21. d4
Qe7 22. Rfd1 Nd5 23. dxc5 bxc5 24. Bd2 h5 25. e4 Rb8 26. Qd3 Nf6 27. Bc3 Bc7 28.
Qf3 e5 29. Rd2 Qe6 30. Rad1 Qc6 31. a5 Re8 32. h4 g6 33. Re2 Kg7 34. Bd2 Rd8 35.
Ree1 Rd4 36. Bc3 Ra4 37. Ra1 Rxe4 38. Kg2 Qd5 39. Rxe4 Qxe4 40. Re1 Qa4 41. Rxe5
Bxa5 42. Re4 Qc6 43. Bxf6+ Qxf6 44. Qxf6+ Kxf6 45. Ra4 1-0

[Event "PRO League Group Stage"]
[Site "chess.com INT"]
[Date "2019.02.20"]
[Round "7"]
[White "Karavade, Eesha"]
[Black "Zhao, Jun"]
[Result "0-1"]
[WhiteTitle "IM"]
[BlackTitle "GM"]
[WhiteElo "2365"]
[BlackElo "2610"]
[WhiteTeam "Mumbai Movers"]
[BlackTeam "Chengdu Pandas"]
[WhiteFideId "5012600"]
[BlackFideId "8602522"]
[EventDate "2019.01.08"]

1. Nf3 c5 2. c4 g6 3. Nc3 Bg7 4. e3 Nf6 5. d4 cxd4 6. Nxd4 O-O 7. Be2 d5 8. O-O
dxc4 9. Bxc4 a6 10. b3 b5 11. Be2 Bb7 12. Bb2 Nbd7 13. Bf3 Qb6 14. Bxb7 Qxb7 15.
Qe2 e5 16. Nf3 e4 17. Nd4 Ne5 18. Rad1 Rfe8 19. h3 h5 20. Ba1 Rac8 21. Rd2 Rc7
22. Qd1 Rec8 23. Nde2 b4 24. Nd5 Nxd5 25. Rxd5 Nd3 26. Rd6 Rc2 27. Bxg7 Kxg7 28.
Qa1+ Kh7 29. Ng3 R8c3 30. Qb1 Rc1 0-1

[Event "PRO League Group Stage"]
[Site "chess.com INT"]
[Date "2019.02.20"]
[Round "7"]
[White "Li, Yunshan"]
[Black "Kulkarni, Rakesh"]
[Result "0-1"]
[WhiteTitle "WFM"]
[BlackTitle "IM"]
[WhiteElo "2246"]
[BlackElo "2298"]
[WhiteTeam "Chengdu Pandas"]
[BlackTeam "Mumbai Movers"]
[WhiteFideId "8607664"]
[BlackFideId "5037077"]
[EventDate "2019.01.08"]

1. d4 Nf6 2. c4 e6 3. g3 c5 4. d5 exd5 5. cxd5 d6 6. Nc3 g6 7. Bg2 Bg7 8. Nf3
O-O 9. O-O a6 10. a4 Nbd7 11. Bf4 Qe7 12. Re1 Nh5 13. Bg5 f6 14. Bd2 Ne5 15. Qc2
Bd7 16. a5 f5 17. Na4 Rae8 18. Nb6 Bb5 19. Bc3 f4 20. Nxe5 Bxe5 21. Bxe5 Qxe5
22. Nc4 Bxc4 23. Qxc4 fxg3 24. hxg3 Rxf2 25. Kxf2 Qe3+ 26. Kf1 Nxg3# 0-1

[Event "PRO League Group Stage"]
[Site "chess.com INT"]
[Date "2019.02.20"]
[Round "7"]
[White "Caruana, Fabiano"]
[Black "Smirnov, Anton"]
[Result "1-0"]
[WhiteTitle "GM"]
[BlackTitle "GM"]
[WhiteElo "2828"]
[BlackElo "2569"]
[WhiteTeam "Saint Louis Arch Bishops"]
[BlackTeam "Australia Kangaroos"]
[WhiteFideId "2020009"]
[BlackFideId "3208923"]
[EventDate "2019.01.08"]

1. e4 e6 2. d4 d5 3. Nc3 Bb4 4. e5 c5 5. a3 Bxc3+ 6. bxc3 Ne7 7. Nf3 Qc7 8. h4
b6 9. Bb5+ Bd7 10. Bd3 c4 11. Be2 Ba4 12. h5 h6 13. Rh4 Na6 14. Rg4 Rg8 15. Bf4
O-O-O 16. Qd2 Qd7 17. Kf1 Nf5 18. Nh4 Ne7 19. Kg1 Qe8 20. Rg3 Qf8 21. Bg4 Rh8
22. Bh3 Qg8 23. Rf3 Qh7 24. Bg3 Rhf8 25. Rxf7 Kd7 26. Rxe7+ Kxe7 27. Ng6+ Kd7
28. f4 Nc7 29. Rf1 Qg8 30. Bh4 Rde8 31. Nxf8+ Rxf8 32. f5 Kc8 33. Be7 Rf7 34.
Bd6 exf5 35. Bxf5+ Bd7 36. g4 Qe8 37. Bxc7 Kxc7 38. e6 Bxe6 39. Re1 Re7 40. Qf4+
Kd7 41. Rxe6 Rxe6 42. Qe5 Qf7 43. Qxd5+ Ke7 44. Qxe6+ Qxe6 45. Bxe6 Kxe6 46. Kf2 1-0

[Event "PRO League Group Stage"]
[Site "chess.com INT"]
[Date "2019.02.20"]
[Round "7"]
[White "Shevchenko, Kirill"]
[Black "So, Wesley"]
[Result "0-1"]
[WhiteTitle "GM"]
[BlackTitle "GM"]
[WhiteElo "2539"]
[BlackElo "2765"]
[WhiteTeam "Australia Kangaroos"]
[BlackTeam "Saint Louis Arch Bishops"]
[WhiteFideId "14129574"]
[BlackFideId "5202213"]
[EventDate "2019.01.08"]

1. d4 Nf6 2. c4 e6 3. Nf3 d5 4. Bg5 dxc4 5. e4 b5 6. a4 c6 7. axb5 cxb5 8. e5 h6
9. Bh4 g5 10. Nxg5 hxg5 11. Bxg5 Nbd7 12. Qf3 Rb8 13. exf6 Bb7 14. Qf4 a6 15.
Nc3 Nb6 16. h4 Bb4 17. Rh3 Nd5 18. Qe5 Bd6 19. Qe2 Bb4 20. Qe5 Rc8 21. Rd1 Kf8
22. Rd2 Qa5 23. Qg3 Qa1+ 24. Ke2 Ke8 25. Nxd5 Bxd5 26. Rc2 Qb1 27. Rd2 Bxd2 28.
Bxd2 c3 29. Qd6 Qe4+ 30. Kd1 Bb3+ 0-1

[Event "PRO League Group Stage"]
[Site "chess.com INT"]
[Date "2019.02.20"]
[Round "7"]
[White "Theodorou, Nikolas"]
[Black "Ly, Moulthun"]
[Result "1-0"]
[WhiteTitle "IM"]
[BlackTitle "GM"]
[WhiteElo "2552"]
[BlackElo "2486"]
[WhiteTeam "Saint Louis Arch Bishops"]
[BlackTeam "Australia Kangaroos"]
[WhiteFideId "4262875"]
[BlackFideId "3204405"]
[EventDate "2019.01.08"]

1. d4 Nf6 2. c4 e6 3. g3 c5 4. Nf3 cxd4 5. Nxd4 Bb4+ 6. Nc3 O-O 7. Bg2 d5 8.
cxd5 Nxd5 9. Bd2 Nxc3 10. bxc3 Bc5 11. O-O Qe7 12. Nb3 Bb6 13. Qc1 Nc6 14. Be3
Qc7 15. c4 e5 16. c5 Ba5 17. Qa3 Bb4 18. Qa4 a5 19. a3 Bc3 20. Rac1 Bd7 21. Qh4
Bb2 22. Rb1 Bxa3 23. Nd2 Bb4 24. Ne4 Bf5 25. Nf6+ Kh8 26. Rbd1 Nd4 27. Bg5 Ra6
28. e3 Ne2+ 29. Kh1 gxf6 30. Bxf6+ Kg8 31. Rd6 Rxd6 32. cxd6 Qxd6 33. Qh6 Qxf6
34. Qxf6 Bg6 35. Qxe5 b6 36. Be4 Nc3 37. Bxg6 hxg6 38. Rc1 a4 39. Rxc3 Bxc3 40.
Qxc3 Ra8 41. Qa3 b5 42. Kg2 1-0

[Event "PRO League Group Stage"]
[Site "chess.com INT"]
[Date "2019.02.20"]
[Round "7"]
[White "Song, Raymond"]
[Black "Bloomer, Josh"]
[Result "1-0"]
[WhiteTitle "FM"]
[WhiteElo "2329"]
[BlackElo "1950"]
[WhiteTeam "Australia Kangaroos"]
[BlackTeam "Saint Louis Arch Bishops"]
[WhiteFideId "3203824"]
[BlackFideId "2020416"]
[EventDate "2019.01.08"]

1. d4 Nf6 2. Bg5 d5 3. Nd2 c5 4. dxc5 e6 5. e4 Bxc5 6. Qe2 h6 7. Bh4 Nc6 8. Ngf3
Be7 9. O-O-O O-O 10. e5 Nd7 11. Bxe7 Qxe7 12. Nb3 Ndxe5 13. Kb1 Nc4 14. Qe1 Nd6
15. g4 Bd7 16. Rg1 Rfc8 17. g5 hxg5 18. Nxg5 a5 19. f4 Qf6 20. Qh4 a4 21. Nc5
Nb8 22. Nxd7 Nxd7 23. a3 Nf8 24. Bd3 Nf5 25. Qh3 b5 26. Bxf5 exf5 27. Rxd5 Qc6
28. Qxf5 Rc7 29. Ne4 Qxc2+ 30. Ka1 Ng6 31. h4 Rac8 32. h5 Qb3 33. Rdd1 Rc2 34.
Rb1 Rxb2 35. Qxc8+ Nf8 36. Nf6+ 1-0

[Event "PRO League Group Stage"]
[Site "chess.com INT"]
[Date "2019.02.20"]
[Round "7"]
[White "Naroditsky, Daniel"]
[Black "Adly, Ahmed"]
[Result "1-0"]
[WhiteTitle "GM"]
[BlackTitle "GM"]
[WhiteElo "2616"]
[BlackElo "2611"]
[WhiteTeam "San Francisco Mechanics"]
[BlackTeam "Delhi Dynamite"]
[WhiteFideId "2026961"]
[BlackFideId "10601619"]
[EventDate "2019.01.08"]

1. d4 d5 2. c4 e6 3. Nc3 Nf6 4. cxd5 Nxd5 5. e4 Nxc3 6. bxc3 c5 7. Rb1 Be7 8.
Bb5+ Bd7 9. Bd3 cxd4 10. cxd4 Nc6 11. Nf3 Nb4 12. Be2 Bc6 13. a3 Na6 14. Ne5
Bxe4 15. Bb5+ Kf8 16. Rb3 Kg8 17. O-O f6 18. Rg3 Bf5 19. Qh5 Bg6 20. Nxg6 hxg6
21. Qxg6 Bf8 22. Bf4 Qxd4 23. Be8 Rxe8 24. Qxe8 Nc5 25. Be3 Qd7 26. Qxd7 Nxd7
27. Rd1 Ne5 28. Rd8 b6 29. Ra8 Rh4 30. Rxa7 Rc4 31. h3 b5 32. Rb7 Rc3 33. Bd4
Rxg3 34. fxg3 Nc4 35. Rxb5 Bxa3 36. Rb8+ Kf7 37. Rb7+ Kg6 38. g4 e5 39. Bf2 e4
40. Kf1 e3 41. Bg3 Nd2+ 42. Ke2 Ne4 43. Bf4 Nc3+ 44. Kxe3 Nd5+ 45. Kf3 Nxf4 46.
Kxf4 Bc1+ 47. Kf3 Kh7 48. Ke4 Kg6 49. h4 Bd2 50. Rd7 Be1 51. h5+ Kh7 52. g5 fxg5
53. Kf5 Kh6 54. g4 Bc3 55. Rd6+ Kh7 56. Kxg5 Bb2 57. Kf5 Ba3 58. Rd7 Bb2 59. g5
Ba1 60. Rb7 Bc3 61. g6+ Kh6 62. Rb8 Kxh5 63. Rh8# 1-0

[Event "PRO League Group Stage"]
[Site "chess.com INT"]
[Date "2019.02.20"]
[Round "7"]
[White "Kannappan, Priyadharshan"]
[Black "Bhat, Vinay"]
[Result "1-0"]
[WhiteTitle "GM"]
[BlackTitle "GM"]
[WhiteElo "2553"]
[BlackElo "2519"]
[WhiteTeam "Delhi Dynamite"]
[BlackTeam "San Francisco Mechanics"]
[WhiteFideId "5018293"]
[BlackFideId "2011352"]
[EventDate "2019.01.08"]

1. e4 e6 2. d4 d5 3. Nd2 Nf6 4. e5 Nfd7 5. f4 c5 6. Ngf3 Nc6 7. Nb3 a6 8. Be3
Be7 9. Nxc5 Nxc5 10. dxc5 Qc7 11. c3 a5 12. Qd2 a4 13. Bd3 Ra5 14. Qf2 Nb8 15.
O-O Bxc5 16. Nd4 Bd7 17. Qg3 g6 18. Kh1 Kf8 19. f5 exf5 20. Bh6+ Kg8 21. Nxf5
Bxf5 22. Rxf5 Bf8 23. e6 1-0

[Event "PRO League Group Stage"]
[Site "chess.com INT"]
[Date "2019.02.20"]
[Round "7"]
[White "Zierk, Steven"]
[Black "Grover, Sahaj"]
[Result "1/2-1/2"]
[WhiteTitle "GM"]
[BlackTitle "GM"]
[WhiteElo "2510"]
[BlackElo "2511"]
[WhiteTeam "San Francisco Mechanics"]
[BlackTeam "Delhi Dynamite"]
[WhiteFideId "2034255"]
[BlackFideId "5021103"]
[EventDate "2019.01.08"]

1. e4 e5 2. Nf3 Nc6 3. d4 exd4 4. Nxd4 Bb4+ 5. c3 Bc5 6. Be3 Bb6 7. Nf5 g6 8.
Bxb6 axb6 9. Ne3 Nf6 10. f3 O-O 11. c4 d5 12. cxd5 Nxe4 13. fxe4 Qh4+ 14. Kd2
Qxe4 15. Bd3 Qd4 16. Qb3 Re8 17. dxc6 Rxe3 18. Re1 Rxe1 19. Kxe1 Bg4 20. Nd2
bxc6 21. Kf1 Rd8 22. Ne4 Be6 23. Qc3 Qxc3 24. Nxc3 Rxd3 25. Ke2 Bc4 26. Ke1 Kg7
27. a4 Rd8 28. Rc1 c5 29. g3 h5 30. Rc2 Bb3 31. Re2 Be6 32. Re5 Rd4 33. Nb5 Rxa4
34. Nxc7 Kf6 35. Re3 Ra2 36. Nxe6 fxe6 37. Rb3 Ra6 38. Ke2 Ke5 39. Ke3 Kd5 40.
Kf4 Ra4+ 41. Kg5 Rg4+ 42. Kf6 Rb4 43. Rd3+ Rd4 44. Rb3 Rb4 45. Rd3+ Kc6 46. Rd2
Rg4 47. Rd3 c4 48. Re3 Kc5 49. h3 Rd4 50. Kxg6 Rd3 51. Re5+ Kd6 52. Rg5 Rb3 53.
Rxh5 Rxb2 54. Rh8 Rb5 55. Rd8+ Ke7 56. Rd4 Rc5 57. h4 c3 58. Rd1 c2 59. Rc1 Rc4
60. h5 Rg4+ 61. Kh7 Rxg3 62. Rxc2 Kf6 63. Rb2 e5 64. h6 e4 65. Rxb6+ Kf5 66. Kh8
e3 67. Rb8 e2 68. Re8 Rg2 69. h7 Kf4 70. Re7 Kf3 71. Re8 Kf2 72. Rxe2+ Kxe2 1/2-1/2

[Event "PRO League Group Stage"]
[Site "chess.com INT"]
[Date "2019.02.20"]
[Round "7"]
[White "Manu, David Suthandram R"]
[Black "Hong, Andrew"]
[Result "1-0"]
[BlackTitle "FM"]
[WhiteElo "2252"]
[BlackElo "2390"]
[WhiteTeam "Delhi Dynamite"]
[BlackTeam "San Francisco Mechanics"]
[WhiteFideId "35019562"]
[BlackFideId "2099438"]
[EventDate "2019.01.08"]

1. e4 c5 2. Nf3 d6 3. c3 Nf6 4. Bc4 e6 5. d3 Be7 6. O-O O-O 7. Re1 Nc6 8. Bb3
Rb8 9. d4 cxd4 10. cxd4 d5 11. exd5 Nxd5 12. Nc3 Nxc3 13. bxc3 Na5 14. Bc2 b6
15. Qd3 g6 16. Bh6 Re8 17. Ne5 Bb7 18. Qg3 Bd6 19. Bf4 Bf8 20. Ba4 Qd5 21. Ng4
Qf5 22. Bxb8 Rxb8 23. Ne3 Qd3 24. Qxb8 Qxc3 25. Rad1 Kg7 26. Qe5+ Kg8 27. Rc1
Qb4 28. Be8 Qe7 29. Bxf7+ Qxf7 30. Rc7 Be7 31. Ng4 Kf8 32. Qh8+ Qg8 33. Qxg8+
Kxg8 34. Rxe7 1-0

[Event "PRO League Group Stage"]
[Site "chess.com INT"]
[Date "2019.02.20"]
[Round "7"]
[White "Petrosian, Tigran L."]
[Black "Wang, Yue"]
[Result "0-1"]
[WhiteTitle "GM"]
[BlackTitle "GM"]
[WhiteElo "2598"]
[BlackElo "2684"]
[WhiteTeam "Seattle Sluggers"]
[BlackTeam "Chengdu Pandas"]
[WhiteFideId "13301616"]
[BlackFideId "8601429"]
[EventDate "2019.01.08"]

1. Nf3 Nf6 2. g3 g6 3. Bg2 Bg7 4. d3 d5 5. Nbd2 O-O 6. e4 c5 7. O-O Nc6 8. Re1
d4 9. a4 e5 10. Nc4 Ne8 11. c3 Nd6 12. cxd4 Nxc4 13. d5 N4a5 14. dxc6 Nxc6 15.
Qb3 b6 16. Bg5 Bf6 17. Bh6 Be6 18. Qc3 Re8 19. Nd2 Nd4 20. a5 Qe7 21. Be3 b5 22.
a6 Rab8 23. Bxd4 cxd4 24. Qa5 Rec8 25. Nf3 Qc7 26. Qb4 Qc5 27. Qd2 Qc2 28. Rec1
Qxd2 29. Nxd2 Bg5 30. f4 exf4 31. Nf3 Bh6 32. Nxd4 Rxc1+ 33. Rxc1 f3 0-1

[Event "PRO League Group Stage"]
[Site "chess.com INT"]
[Date "2019.02.20"]
[Round "7"]
[White "Zhao, Jun"]
[Black "Margvelashvili, Giorgi"]
[Result "1-0"]
[WhiteTitle "GM"]
[BlackTitle "GM"]
[WhiteElo "2610"]
[BlackElo "2530"]
[WhiteTeam "Chengdu Pandas"]
[BlackTeam "Seattle Sluggers"]
[WhiteFideId "8602522"]
[BlackFideId "13602926"]
[EventDate "2019.01.08"]

1. c4 Nf6 2. Nc3 c5 3. g3 e6 4. Nf3 b6 5. Bg2 Bb7 6. O-O a6 7. Re1 Be7 8. e4 d6
9. d4 cxd4 10. Nxd4 Qc7 11. b3 O-O 12. Bb2 Nbd7 13. Qe2 Rac8 14. Rad1 Qb8 15. h3
Rfe8 16. Rd2 Bf8 17. Qd1 Qa8 18. Kh2 Nc5 19. Rde2 g6 20. Nc2 Bg7 21. Qxd6 Red8
22. Qxb6 Nfd7 23. Qa5 Nd3 24. Ba3 Nxe1 25. Nxe1 Ne5 26. Na4 Nc6 27. Qg5 Qb8 28.
Nc2 Nd4 29. Nxd4 Bxd4 30. e5 Bxg2 31. Kxg2 Qb7+ 32. f3 Rd7 33. Bd6 Qc6 34. Qf4
Ba7 35. c5 Re8 36. h4 Bb8 37. h5 Bxd6 38. exd6 Rdd8 39. h6 Qb5 40. Qf6 Qxe2+ 41.
Kh3 Qf1+ 42. Kg4 1-0